000 01062cam a2200289u 4500
999 _c18248
_d18248
001 6798688
003 BDDh-ASL
005 20231015025709.0
008 820922s1899 enkbc a 000 0 eng
010 _a 05014304
035 _a6798688
040 _aDLC
_cCarP
_dBDDh-ASL
043 _aa-ii---
050 0 0 _aDS479.5
_b.B18
050 0 0 _aMicrofilm 46399 DS
082 _a952.23309254
_bBAH
100 1 _aBalfour, Betty,
_cLady,
_d1867-1942.
245 0 4 _aThe history of Lord Lytton's Indian administration, 1876 to 1880:
_bcompiled from letters and official papers/
_cLady Betty Balfour.
260 _aLondon:
_aNew York [etc.]
_bLongmans, Green and co.,
_c1899.
300 _aviii, 551 p. :
_bfront. (port.) fold. map. ;
_c24 cm.
500 _aIncludes index.
600 1 0 _aLytton, Edward Robert Bulwer Lytton,
_cEarl of,
_d1831-1891.
651 0 _aIndia
_xHistory
_yBritish occupation, 1765-1947.
856 4 1 _dgdclccn
_f05014304
_uhttp://hdl.loc.gov/loc.gdc/gdclccn.05014304
906 _a0
_bcbc
_cpremunv
_du
_encip
_f19
_gy-gencatlg
942 _2ddc
_cBK